000 00704nam a2200241Ia 4500
003 OSt
005 20140321110945.0
008 140130s9999 xx 000 0 und d
020 _a0590897497
050 _aHV 9950
_b.Su85 1997
100 _aSullivan, George.
245 _cGeorge Sullivan.
_aNot guilty :
_bfive times when justice failed /
260 _bScholastic Inc.,
_aUSA :
_cc1997.
300 _a148 p. :
_bill. ;
_c23 cm.
440 _v1
521 _aG10
526 _c1040
650 _aReilly, Peter, 1955- --
_xJuvenile literature.
650 _aPeltier, Leonard
_xJuvenile literature.
650 _aHill, Joe, 1879-1915
_xJuvenile literature.
942 _cBK
_2lcc
999 _c41409
_d41409